Statistiques concernant Culture Générale - Série 2337

Cliquez ici pour prendre le quiz!

Statistiques générales

  • Ce quiz a été pris 91 fois
  • Le résultat moyen est 4 sur 10

Statistiques - réponses

QuestionRéponse% Correct
Comment se nomme la prison fédérale située dans la baie de San Francisco en Californie ?Alcatraz
84%
Quelle est la capitale de l'Azerbaïdjan ?Bakou
72%
En Espagne, quelle est la capitale de l'Andalousie ?Séville
69%
Quel pays insulaire arbore un drapeau national sur lequel est représenté la carte de son île ?Chypre
58%
Qui a interprété la chanson "Les Ricains" en 1968 ? prénom et nomMichel Sardou
50%
Dans le roman "Les mystères de Paris" d'Eugène Sue de 1842, quel nom d'oiseau est donné à la vieille femme violente et hideuse, au « nez crochu », avec un « œil vert tout rond » ?chouette
24%
Quel acteur a remporté l'Oscar du meilleur second rôle masculin en 1994 pour son rôle dans "Le Fugitif" - voir photoTommy Lee Jones
24%
Quelle région naturelle couvre les départements de l'Ain, Saône-et-loire et Jura ?Bresse
15%
Dans la trilogie marseillaise de Marcel Pagnol "César,Fanny,Marius", quel est le prénom de Panisse ?Honoré
5%
Rossini et Verdi ont tous deux composés un opéra, respectivement en 1816 et 1887 intitulé ....Otello
5%

Distribution des résultats

Percentile par nombre de réponses

% des personnes avec chaque résultat

Votre développement - résultats

Vous n’avez pas pris ce quiz